Score 0/35 Timer 05:00
1 Play Today
% Correct
Rest
94.8%
Roosevelt
93.9%
Reader's
93.7%
Rhode
93.6%
Rapid
93.1%
Retail
93.1%
Republic
92.6%
Reef
92.1%
Recorder
91%
Room
90.9%
Robert
90.4%
Respiratory
89.3%
Rage
89.2%
Revenue
89%
Retired
88.9%
Resuscitation
88.7%
Royal
88.5%
Revolutions
88.4%
% Correct
Rifle
87.8%
Restraining
86.3%
Role
84.6%
Relations
82.5%
Recherche
82%
Republican
79.3%
Ronald
78.2%
Read
76.7%
Reverse
74.9%
Reserve
74.3%
Request
73.7%
Radio
69.6%
Research
69.5%
Recombinant
62.3%
Ranging
48.4%
Return
48.1%
Reel
47%
Remove Ads.
Support Sporcle.
Get the best of Sporcle when you Go Orange. This ad-free experience offers more features, more stats, and more fun while also helping to support Sporcle. Thank you for becoming a member.

You're not logged in!

Compare scores with friends on all Sporcle quizzes.
OR
Log In

Show Comments

Extras

Top Quizzes Today


Score Distribution

Your Account Isn't Verified!

In order to create a playlist on Sporcle, you need to verify the email address you used during registration. Go to your Sporcle Settings to finish the process.

Report this User

Report this user for behavior that violates our Community Guidelines.

Details: